000 00474nab a2200145Ia 4500
003 ES-SlBCS
005 20210601133827.0
008 140529s1988 xxu||||| |||| 00| 0 por d
041 _apor
100 1 _aSimon, Paul Albert
_9210217
245 0 0 _aEmmanuel Levinas: Lógica Ocidental e Lógica Judaica
_c Paul Albert Simon
600 1 4 _aLévinas, Emmanuel
_d, 1906-1995
_99109
773 0 _tPresença Filosofica
_gvol. 13, nº. 1-2-3-4, 1988, págs. 32-44
_wRev966
942 _cAR
999 _c602742
_d602742